00463nam a2200169Ia 4500003000400000005001700004008004100021020001800062040000700080041000800087082002100095100001900116245008700135260004200222300001600264365001300280OSt20230405153012.0210423s2010 xx 000 0 und d a9788187358336 cAL aeng a410.954 HARH223 aHARDER (Hans). aLiterature and nationalist ideology: writing histories of modern Indian languages. aNew DelhibSocial science pressc2010 axii,387bHB b695cINR